| 000 | 01983nam0a2200325 4500 | ||
|---|---|---|---|
| 001 | RU\NLR\bibl\1469929 | ||
| 005 | 20260406142958.0 | ||
| 010 |
_a978-5-392-01089-9 _92000 |
||
| 021 |
_aRU _b2009-101652 _96469 |
||
| 035 | _a(NLR Aleph) 001461633 | ||
| 090 |
_a1587064 _c1587064 |
||
| 100 | _a20100208d2010 |||y0rusy50 ca | ||
| 101 | 0 | _arus | |
| 102 | _aRU | ||
| 105 | _ay ||||||||| | ||
| 200 | 1 |
_aКомментарий к Градостроительному кодексу Российской Федерации _e(постатейный) _f[С.А. Боголюбов, д.ю.н., проф., засл. деят. науки Рос. Федерации и др.] _gпод ред. д.ю.н., проф., засл. деят. науки Рос. Федерации С.А. Боголюбова |
|
| 205 | _a3-е изд. | ||
| 210 |
_aМосква _cПроспект _d2010 [т.е. 2009] |
||
| 215 |
_a458, [1] с. _d22 |
||
| 300 | _aКн. фактически изд. в 2009 г. | ||
| 320 | _aБиблиогр. в подстроч. примеч. | ||
| 604 |
_171001$aРоссийская Федерация _150011$aГрадостроительный кодекс$jКомментарии$2nlr_sh2$3RU\NLR\AUTH\661265449 _3RU\NLR\AUTH\661265449 _aРоссийская Федерация _tГрадостроительный кодекс _jКомментарии _92090714 |
||
| 604 |
_171001$aРоссийская Федерация. Законы _150011$aГрадостроительный кодекс Российской Федерации$2psbo _aРоссийская Федерация. Законы _tГрадостроительный кодекс Российской Федерации |
||
| 686 | _aХ621.148.4-324.9(2Р) | ||
| 702 | 1 |
_4210 _7ca _8rus _aБоголюбов _bС. А. _f1936- _gСергей Александрович _9113611 _3RU\NLR\auth\773617 |
|
| 801 | 0 |
_aRU _bNLR _c20100208 _gRCR |
|
| 801 | 1 |
_aRU _bNLR _c20100208 |
|
| 942 | _cBOOK | ||
| 980 | _aNB | ||